Leaves from Gerard's Herball : (Record no. 9447)

MARC details
000 -LEADER
fixed length control field 01283nac a22003251i 4500
003 - CONTROL NUMBER IDENTIFIER
control field EG-ScBUE
005 - DATE AND TIME OF LATEST TRANSACTION
control field 20260318092136.0
008 - FIXED-LENGTH DATA ELEMENTS--GENERAL INFORMATION
fixed length control field 260317s1969 nyua f 001 0 eng d
020 ## - INTERNATIONAL STANDARD BOOK NUMBER
International Standard Book Number 0486223434
040 ## - CATALOGING SOURCE
Original cataloging agency EG-ScBUE
Language of cataloging eng
Description conventions rda
Transcribing agency EG-ScBUE
Modifying agency EG-ScBUE
082 04 - DEWEY DECIMAL CLASSIFICATION NUMBER
Classification number 580
Item number WOO
Edition number 22
100 1# - MAIN ENTRY--PERSONAL NAME
Personal name Gerard, John,
Dates associated with a name 1545-1612,
Relator term author.
245 10 - TITLE STATEMENT
Title Leaves from Gerard's Herball :
Remainder of title arranged for garden lovers /
Statement of responsibility, etc by Marcus Woodward.
264 #1 - PUBLICATION, DISTRIBUTION, ETC. (IMPRINT)
Place of publication, distribution, etc New York, N.Y. :
Name of publisher, distributor, etc Dover Publications, INC.,
Date of publication, distribution, etc 1969.
300 ## - PHYSICAL DESCRIPTION
Extent xii, 305 pages :
Other physical details illustrations ;
Dimensions 21 cm.
336 ## - CONTENT TYPE
Source rdacontent
Content type term text
Content type code txt
337 ## - MEDIA TYPE
Media type term unmediated
Source rdamedia
Media type code n
338 ## - CARRIER TYPE
Carrier type term volume
Carrier type code nc
Source rdacarrier
490 0# - SERIES STATEMENT
Series statement Dover books on herbs, farming and gardening
500 ## - GENERAL NOTE
General note "Unabridged and unaltered republication of the work originally published ... in 1931." First published in 1597 under title: The herball.
500 ## - GENERAL NOTE
General note With 130 illustration after the original woodcuts.
500 ## - GENERAL NOTE
General note Includes index.<br/>
650 #7 - SUBJECT ADDED ENTRY--TOPICAL TERM
Topical term or geographic name as entry element Botany
Chronological subdivision Pre-Linnean works.
Source of heading or term BUEsh
650 #7 - SUBJECT ADDED ENTRY--TOPICAL TERM
Topical term or geographic name as entry element Herbs
General subdivision Early works to 1800.
Source of heading or term BUEsh
650 #7 - SUBJECT ADDED ENTRY--TOPICAL TERM
Topical term or geographic name as entry element Botany, Medical
General subdivision Early works to 1800.
Source of heading or term BUEsh
650 #7 - SUBJECT ADDED ENTRY--TOPICAL TERM
Topical term or geographic name as entry element Herbals
General subdivision Early works to 1800.
Source of heading or term BUEsh
655 ## - INDEX TERM--GENRE/FORM
Form subdivision Reading book
700 1# - ADDED ENTRY--PERSONAL NAME
Personal name Woodward, Marcus,
Relator term editor.
942 ## - ADDED ENTRY ELEMENTS (KOHA)
Koha item type Book - Borrowing
Source of classification or shelving scheme Dewey Decimal Classification
Holdings
Withdrawn status Lost status Source of classification or shelving scheme Damaged status Not for loan Collection code Home library Current library Shelving location Date acquired Source of acquisition Total Checkouts Full call number Barcode Date last seen Date checked out Price effective from Koha item type
    Dewey Decimal Classification     Alahram Central Library Central Library First floor 08/05/2013 Purchase 1 580 WOO 000011473 15/07/2025 04/04/2019 13/05/2008 Book - Borrowing